000 00399nam a22001457a 4500
008 250701b |||||||| |||| 00| 0 eng d
020 _a9783651916
050 _aHF5549
_b.E94
100 _aEzeali Benjamin
245 _aPublic personnel management
260 _aOnitshia
_bChambers book ltd.
_c2009
300 _axviii, 414p.
_bill.
650 _aPersonnel management
_vHuman capital
942 _cBK
999 _c4038
_d4038